000 00506nam a2200181Ia 4500
008 100921s9999 xx 000 0 und d
082 _b8836
_a820 थ 37
100 _aPandit Raghunathrao S.
245 _aTwentyone Weeks In Europe.
260 _b---
_c1937
300 _a527
_b---
365 _b20
520 _aललित इंग्रजी.
630 _aTwentyone Weeks In Europe.
650 _aललित इंग्रजी.
730 _aTwentyone Weeks In Europe.
942 _cBOOK
999 _c757949
_d757946